Education in forestry; (Record no. 20496)

MARC details
000 -LEADER
fixed length control field 01065cam a22002771 4500
001 - CONTROL NUMBER
control field e 22000025
003 - CONTROL NUMBER IDENTIFIER
control field DLC
005 - DATE AND TIME OF LATEST TRANSACTION
control field 20260227111213.0
008 - FIXED-LENGTH DATA ELEMENTS--GENERAL INFORMATION
fixed length control field 810724s1922 xx 000 0 eng c
010 ## - LIBRARY OF CONGRESS CONTROL NUMBER
LC control number e 22000025
035 ## - SYSTEM CONTROL NUMBER
System control number (OCoLC)7611940
040 ## - CATALOGING SOURCE
Original cataloging agency Library, U.S. Bur. of Education.
Transcribing agency WaU
Modifying agency DLC
042 ## - AUTHENTICATION CODE
Authentication code premarc
043 ## - GEOGRAPHIC AREA CODE
Geographic area code n-us---
050 00 - LIBRARY OF CONGRESS CALL NUMBER
Classification number L111
Item number .A6 1921, no. 44
051 ## - LIBRARY OF CONGRESS COPY, ISSUE, OFFPRINT STATEMENT
Classification number SD252
Item number .N3 1920
111 2# - MAIN ENTRY--MEETING NAME
Meeting name or jurisdiction name as entry element National conference on education in forestry
Number of part/section/meeting (2nd :
Date of meeting or treaty signing 1920 :
Location of meeting New Haven, Conn.)
245 10 - TITLE STATEMENT
Title Education in forestry;
Remainder of title proceedings of the second National conference, New Haven, Conn., December 17-18, 1920.
260 ## - PUBLICATION, DISTRIBUTION, ETC.
Place of publication, distribution, etc. Washington,
Name of publisher, distributor, etc. Govt. print. off.,
Date of publication, distribution, etc. 1922.
300 ## - PHYSICAL DESCRIPTION
Extent 70 p.
Other physical details incl. tables.
Dimensions 23 cm.
490 1# - SERIES STATEMENT
Series statement [U.S.] Bureau of education. Bulletin, 1921,
Volume/sequential designation no. 44
500 ## - GENERAL NOTE
General note At head of title: Department of the interior.
650 #0 - SUBJECT ADDED ENTRY--TOPICAL TERM
Topical term or geographic name entry element Forests and forestry
Geographic subdivision United States.
650 #0 - SUBJECT ADDED ENTRY--TOPICAL TERM
Topical term or geographic name entry element Forestry schools and education
Geographic subdivision United States.
810 1# - SERIES ADDED ENTRY--CORPORATE NAME
Corporate name or jurisdiction name as entry element United States.
Subordinate unit Bureau of Education.
Title of a work Bulletin ;
Volume/sequential designation 1921, no. 44.

No items available.

Powered by Koha